000 00358pab a2200145 454500
008 180718b2001 xxu||||| |||| 00| 0 eng d
100 _aHensman, Rohini
245 _aGlobalisation and informalisation
260 _c2001
300 _ap.1073-074
362 _a31 Mar
650 _aGlobalization
773 _aEconomic and Political Weekly
909 _a48170
999 _c48170
_d48170